[Event "DEM U18 2017"]
[Site "Willingen GER"]
[Date "2017.06.09"]
[Round "8"]
[White "Herbrig, Alexander"]
[Black "Schmekel, Florian"]
[Result "1/2-1/2"]
[Termination "normal"]
[Board "6"]
[WhiteElo "2102"]
[BlackElo "2029"]
[WhiteClock "00:08:42"]
[BlackClock "00:27:37"]
[PlyCount "122"]
[WhiteFideId "12952044"]
[BlackFideId "12913456"]
[EventCountry "GER"]
[EventRounds "9"]
[EventType "swiss"]
[EventDate "2017.06.03"]

1. e4 {[%clk 1:30:58]} 1... c5 {[%clk 1:30:55]} 2. Nf3 {[%clk 1:31:24]} 2...
Nc6 {[%clk 1:31:21]} 3. d4 {[%clk 1:31:45]} 3... cxd4 {[%clk 1:31:46]} 4. Nxd4
{[%clk 1:32:08]} 4... g6 {[%clk 1:32:08]} 5. c4 {[%clk 1:31:20]} 5... Nf6 {
[%clk 1:32:29]} 6. Nc3 {[%clk 1:31:33]} 6... d6 {[%clk 1:32:51]} 7. Be2 { [%clk
1:29:34]} 7... Nxd4 {[%clk 1:33:07]} 8. Qxd4 {[%clk 1:29:52]} 8... Bg7 { [%clk
1:33:28]} 9. Be3 {[%clk 1:29:28]} 9... O-O {[%clk 1:33:46]} 10. Qd2 { [%clk
1:29:30]} 10... Be6 {[%clk 1:33:45]} 11. Rc1 {[%clk 1:27:22]} 11... Qa5 { [%clk
1:33:23]} 12. f3 {[%clk 1:26:31]} 12... a6 {[%clk 1:32:27]} 13. b3 { [%clk
1:25:52]} 13... Rfc8 {[%clk 1:31:24]} 14. Na4 14... Qxd2+ {[%clk 1:31:11] } 15.
Kxd2 {[%clk 1:25:49]} 15... Nd7 {[%clk 1:31:14]} 16. g4 {[%clk 1:26:08]} 16...
Rc7 {[%clk 1:25:39]} 17. Nc3 {[%clk 1:23:44]} 17... b5 {[%clk 1:23:26]} 18. Nd5
{[%clk 1:07:15]} 18... Bxd5 {[%clk 1:23:02]} 19. cxd5 {[%clk 1:07:20]} 19...
Rac8 {[%clk 1:20:23]} 20. Rxc7 {[%clk 1:06:25]} 20... Rxc7 { [%clk 1:20:45]}
21. Rc1 {[%clk 1:06:47]} 21... Rxc1 {[%clk 1:20:32]} 22. Kxc1 { [%clk 1:07:14]}
22... Bc3 {[%clk 1:19:24]} 23. Kc2 {[%clk 1:04:43]} 23... Bb4 { [%clk 1:18:42]}
24. Bd2 {[%clk 0:58:34]} 24... Bc5 {[%clk 1:15:33]} 25. a4 { [%clk 0:56:06]}
25... bxa4 {[%clk 1:08:55]} 26. bxa4 {[%clk 0:56:34]} 26... Nb8 {[%clk
1:07:44]} 27. h4 {[%clk 0:42:53]} 27... f6 {[%clk 1:05:02]} 28. g5 { [%clk
0:38:09]} 28... Kf7 {[%clk 1:03:34]} 29. f4 {[%clk 0:31:47]} 29... Bb6 { [%clk
0:53:37]} 30. Kb3 {[%clk 0:27:10]} 30... Nd7 {[%clk 0:50:31]} 31. a5 { [%clk
0:23:03]} 31... Nc5+ {[%clk 0:50:01]} 32. Kc4 {[%clk 0:22:18]} 32... Bc7 {[%clk
0:50:03]} 33. gxf6 {[%clk 0:14:08]} 33... Nxe4 {[%clk 0:47:32]} 34. Be3 {[%clk
0:13:10]} 34... Bxa5 {[%clk 0:47:10]} 35. fxe7 {[%clk 0:12:54]} 35... Kxe7
{[%clk 0:33:10]} 36. Bd3 {[%clk 0:05:53]} 36... Nd2+ {[%clk 0:29:27]} 37. Bxd2
{[%clk 0:06:15]} 37... Bxd2 {[%clk 0:29:55]} 38. f5 {[%clk 0:05:32]} 38... Kf6
{[%clk 0:29:48]} 39. fxg6 {[%clk 0:02:27]} 39... h5 {[%clk 0:23:27]} 40. Kd4
{[%clk 0:00:56]} 40... a5 {[%clk 0:22:51]} 41. Bc2 {[%clk 0:27:40]} 41... Be1
{[%clk 0:48:32]} 42. Ke3 {[%clk 0:26:58]} 42... Bxh4 {[%clk 0:46:58]} 43. Kf3
{[%clk 0:26:36]} 43... Be1 {[%clk 0:47:32]} 44. Kf4 {[%clk 0:25:48]} 44... Bc3
{[%clk 0:46:25]} 45. Kg3 {[%clk 0:16:31]} 45... Kg5 {[%clk 0:46:25]} 46. Kh3
{[%clk 0:16:19]} 46... Be5 {[%clk 0:46:08]} 47. Kg2 {[%clk 0:15:46]} 47... Kf4
{[%clk 0:45:55]} 48. Kh3 {[%clk 0:15:21]} 48... Bf6 {[%clk 0:42:50]} 49. Bd1
{[%clk 0:14:22]} 49... Ke5 {[%clk 0:42:43]} 50. Bxh5 {[%clk 0:14:02]} 50...
Kxd5 {[%clk 0:41:49]} 51. Kg4 {[%clk 0:12:46]} 51... Ke4 {[%clk 0:36:14]} 52.
Kg3 {[%clk 0:12:40]} 52... a4 {[%clk 0:32:05]} 53. Bd1 {[%clk 0:11:07]} 53...
a3 {[%clk 0:32:28]} 54. Bb3 {[%clk 0:11:16]} 54... Bg7 {[%clk 0:32:07]} 55. Kf2
{[%clk 0:11:08]} 55... Kd3 {[%clk 0:32:19]} 56. Kf3 {[%clk 0:10:32]} 56... Kd4
{[%clk 0:30:43]} 57. Ba2 {[%clk 0:10:20]} 57... d5 {[%clk 0:30:03]} 58. Ke2 {
[%clk 0:08:44]} 58... Bh6 {[%clk 0:30:16]} 59. Kd1 {[%clk 0:08:38]} 59... Ke4 {
[%clk 0:28:12]} 60. Kc2 {[%clk 0:08:46]} 60... d4 {[%clk 0:27:37]} 61. Kb3 {
[%clk 0:08:42]} 61... d3 1/2-1/2

[Event "DEM U18 2017"]
[Site "Willingen GER"]
[Date "2017.06.09"]
[Round "8"]
[White "Urban, Konstantin"]
[Black "Pallas, Sebastian"]
[Result "1/2-1/2"]
[Termination "normal"]
[Board "7"]
[WhiteElo "2377"]
[BlackElo "2185"]
[WhiteClock "00:10:47"]
[BlackClock "00:03:57"]
[PlyCount "78"]
[WhiteFideId "12927511"]
[BlackFideId "12905453"]
[EventCountry "GER"]
[EventRounds "9"]
[EventType "swiss"]
[EventDate "2017.06.03"]

1. e4 {[%clk 1:30:58]} 1... c5 {[%clk 1:30:43]} 2. Nf3 {[%clk 1:31:23]} 2... d6
{[%clk 1:30:57]} 3. d4 {[%clk 1:31:47]} 3... cxd4 {[%clk 1:31:16]} 4. Nxd4 {
[%clk 1:32:13]} 4... Nf6 {[%clk 1:31:20]} 5. Nc3 {[%clk 1:32:34]} 5... a6 {
[%clk 1:31:28]} 6. Be3 {[%clk 1:32:40]} 6... e6 {[%clk 1:30:54]} 7. f3 { [%clk
1:32:50]} 7... h5 {[%clk 1:30:45]} 8. a4 {[%clk 1:32:59]} 8... b6 { [%clk
1:23:06]} 9. Bc4 {[%clk 1:27:29]} 9... Qc7 {[%clk 1:21:21]} 10. Qe2 { [%clk
1:27:02]} 10... Be7 {[%clk 1:05:17]} 11. O-O {[%clk 1:26:08]} 11... O-O { [%clk
1:04:34]} 12. Kh1 {[%clk 1:23:19]} 12... Nc6 {[%clk 1:03:33]} 13. Rad1 { [%clk
1:15:50]} 13... Nb4 {[%clk 1:01:49]} 14. Bb3 {[%clk 1:10:27]} 14... d5 { [%clk
0:45:47]} 15. exd5 {[%clk 1:05:13]} 15... Nbxd5 {[%clk 0:43:47]} 16. Nxd5
{[%clk 1:04:30]} 16... Nxd5 {[%clk 0:44:04]} 17. Bxd5 {[%clk 1:03:33]} 17...
exd5 {[%clk 0:44:28]} 18. Bf4 {[%clk 1:02:37]} 18... Qd7 {[%clk 0:40:03]} 19.
Qe5 {[%clk 0:51:19]} 19... Bf6 {[%clk 0:35:09]} 20. Qxh5 {[%clk 0:46:17]} 20...
g6 {[%clk 0:34:55]} 21. Qh6 {[%clk 0:46:21]} 21... Qxa4 {[%clk 0:34:28]} 22.
Bg5 {[%clk 0:41:28]} 22... Bg7 {[%clk 0:32:01]} 23. Qh4 {[%clk 0:41:43]} 23...
Re8 {[%clk 0:27:43]} 24. Bf6 {[%clk 0:40:38]} 24... Qc4 {[%clk 0:26:20]} 25.
Bxg7 {[%clk 0:36:14]} 25... Kxg7 {[%clk 0:26:43]} 26. h3 {[%clk 0:31:32]} 26...
Qc7 {[%clk 0:21:58]} 27. Qg5 {[%clk 0:23:00]} 27... Rh8 {[%clk 0:18:11]} 28. f4
{[%clk 0:18:50]} 28... Rh5 {[%clk 0:16:15]} 29. Qg3 {[%clk 0:19:03]} 29... Bf5
{[%clk 0:14:52]} 30. Nxf5+ {[%clk 0:18:08]} 30... Rxf5 {[%clk 0:15:17]} 31. Qf3
{[%clk 0:18:00]} 31... Qxc2 {[%clk 0:11:16]} 32. Rxd5 {[%clk 0:17:35]} 32...
Re8 {[%clk 0:10:23]} 33. Rxf5 {[%clk 0:15:59]} 33... Qxf5 {[%clk 0:10:47]} 34.
Qc3+ {[%clk 0:13:52]} 34... Qf6 {[%clk 0:09:00]} 35. Qc2 {[%clk 0:13:20]} 35...
b5 {[%clk 0:05:24]} 36. Kh2 {[%clk 0:10:53]} 36... Qd6 {[%clk 0:04:29]} 37.
Qc3+ {[%clk 0:10:11]} 37... Qf6 {[%clk 0:04:53]} 38. Qc2 {[%clk 0:10:25]} 38...
Qd6 {[%clk 0:04:24]} 39. Qc3+ {[%clk 0:10:47]} 39... Qf6 {[%clk 0:03:57]}
1/2-1/2

[Event "DEM U18 2017"]
[Site "Willingen GER"]
[Date "2017.06.09"]
[Round "8"]
[White "Niermann, Tristan"]
[Black "Schneider, Jana"]
[Result "1-0"]
[Termination "normal"]
[Board "8"]
[BlackTitle "FM"]
[WhiteElo "2340"]
[BlackElo "2270"]
[WhiteClock "00:02:49"]
[BlackClock "00:19:38"]
[PlyCount "69"]
[WhiteFideId "12990698"]
[BlackFideId "12924997"]
[EventCountry "GER"]
[EventRounds "9"]
[EventType "swiss"]
[EventDate "2017.06.03"]

1. d4 {[%clk 1:30:58]} 1... Nf6 {[%clk 1:30:52]} 2. c4 {[%clk 1:31:25]} 2... e6
{[%clk 1:31:15]} 3. g3 {[%clk 1:31:51]} 3... d5 {[%clk 1:31:36]} 4. Nf3 { [%clk
1:32:17]} 4... dxc4 {[%clk 1:31:49]} 5. Bg2 {[%clk 1:32:43]} 5... Bd7 { [%clk
1:32:07]} 6. Ne5 {[%clk 1:29:09]} 6... Bc6 {[%clk 1:32:26]} 7. Nxc6 { [%clk
1:29:09]} 7... Nxc6 {[%clk 1:32:48]} 8. O-O {[%clk 1:28:06]} 8... Qd7 { [%clk
1:31:54]} 9. e3 {[%clk 1:26:45]} 9... O-O-O {[%clk 1:31:38]} 10. Qa4 { [%clk
1:25:51]} 10... Nd5 {[%clk 1:30:51]} 11. Qxc4 {[%clk 1:23:12]} 11... h5 { [%clk
1:30:17]} 12. a3 {[%clk 1:20:43]} 12... h4 {[%clk 1:29:16]} 13. b4 { [%clk
1:20:13]} 13... hxg3 {[%clk 1:28:56]} 14. hxg3 {[%clk 1:20:31]} 14... f5 {[%clk
1:23:22]} 15. b5 {[%clk 1:10:50]} 15... Nce7 {[%clk 1:20:52]} 16. Bd2 { [%clk
1:08:20]} 16... g5 {[%clk 1:17:49]} 17. a4 {[%clk 0:57:13]} 17... f4 { [%clk
1:12:57]} 18. e4 {[%clk 0:48:42]} 18... Nb6 {[%clk 1:12:52]} 19. Qb3 { [%clk
0:48:41]} 19... fxg3 {[%clk 1:12:03]} 20. Qxg3 {[%clk 0:46:41]} 20... Nc4
{[%clk 1:07:18]} 21. Rc1 {[%clk 0:40:20]} 21... Nd6 {[%clk 1:02:18]} 22. b6 {
[%clk 0:34:37]} 22... axb6 {[%clk 0:59:47]} 23. a5 {[%clk 0:33:38]} 23... bxa5
{[%clk 0:43:57]} 24. Rxa5 {[%clk 0:25:52]} 24... Qe8 {[%clk 0:35:39]} 25. Qb3 {
[%clk 0:19:08]} 25... Nc6 {[%clk 0:30:56]} 26. Ra8+ {[%clk 0:10:12]} 26... Kd7
{[%clk 0:30:49]} 27. d5 {[%clk 0:07:20]} 27... Nd4 {[%clk 0:22:02]} 28. Rxc7+ {
[%clk 0:06:04]} 28... Kxc7 {[%clk 0:22:25]} 29. Ba5+ {[%clk 0:06:26]} 29... Kd7
{[%clk 0:22:23]} 30. Qa4+ {[%clk 0:02:51]} 30... b5 {[%clk 0:22:11]} 31. Ra7+ {
[%clk 0:03:00]} 31... Kc8 {[%clk 0:21:57]} 32. Qxd4 {[%clk 0:03:03]} 32... Nb7
{[%clk 0:18:58]} 33. Ra8+ {[%clk 0:02:21]} 33... Kd7 {[%clk 0:19:20]} 34. Rxd8+
{[%clk 0:02:33]} 34... Nxd8 {[%clk 0:19:38]} 35. Qa7+ {[%clk 0:02:49]} 1-0

[Event "DEM U18 2017"]
[Site "Willingen GER"]
[Date "2017.06.09"]
[Round "8"]
[White "Hesse, Henrik"]
[Black "Neukirchner, Pascal"]
[Result "0-1"]
[Termination "normal"]
[Board "9"]
[WhiteElo "2161"]
[BlackElo "2108"]
[WhiteClock "00:42:04"]
[BlackClock "01:04:58"]
[PlyCount "26"]
[WhiteFideId "12952060"]
[BlackFideId "12997927"]
[EventCountry "GER"]
[EventRounds "9"]
[EventType "swiss"]
[EventDate "2017.06.03"]

1. c4 {[%clk 1:30:54]} 1... c5 {[%clk 1:30:17]} 2. g3 {[%clk 1:29:54]} 2... Nc6
{[%clk 1:30:25]} 3. Bg2 {[%clk 1:30:13]} 3... g6 {[%clk 1:30:43]} 4. Nc3 {
[%clk 1:29:41]} 4... Bg7 {[%clk 1:30:50]} 5. Nf3 {[%clk 1:29:11]} 5... e5 {
[%clk 1:29:47]} 6. d3 {[%clk 1:22:09]} 6... Nge7 {[%clk 1:28:18]} 7. O-O {
[%clk 1:14:28]} 7... d6 {[%clk 1:27:14]} 8. Bd2 {[%clk 1:04:34]} 8... h6 {
[%clk 1:19:54]} 9. Qc1 {[%clk 1:01:03]} 9... Be6 {[%clk 1:20:06]} 10. e4 {
[%clk 0:59:36]} 10... Qd7 {[%clk 1:06:23]} 11. Nd5 {[%clk 0:57:29]} 11... Rc8 {
[%clk 1:05:49]} 12. Ne1 {[%clk 0:44:43]} 12... Nd4 {[%clk 1:04:36]} 13. f4 {
[%clk 0:42:04]} 13... Ne2+ {[%clk 1:04:58]} 0-1

[Event "DEM U18 2017"]
[Site "Willingen GER"]
[Date "2017.06.09"]
[Round "8"]
[White "Vuckovic, Zarko"]
[Black "Mätzkow, Maximilian Paul"]
[Result "1-0"]
[Termination "normal"]
[Board "10"]
[WhiteElo "2063"]
[BlackElo "2131"]
[WhiteClock "00:40:48"]
[BlackClock "00:14:44"]
[PlyCount "55"]
[WhiteFideId "12952087"]
[BlackFideId "24679933"]
[EventCountry "GER"]
[EventRounds "9"]
[EventType "swiss"]
[EventDate "2017.06.03"]

1. d4 {[%clk 1:30:56]} 1... Nf6 {[%clk 1:30:39]} 2. Nc3 {[%clk 1:31:23]} 2...
d5 {[%clk 1:28:16]} 3. Bg5 {[%clk 1:31:43]} 3... Bf5 {[%clk 1:24:50]} 4. f3 {
[%clk 1:28:46]} 4... Nbd7 {[%clk 1:23:57]} 5. Qd2 {[%clk 1:28:54]} 5... h6 {
[%clk 1:21:42]} 6. Bh4 {[%clk 1:29:03]} 6... g5 {[%clk 1:21:37]} 7. Bf2 { [%clk
1:28:58]} 7... e6 {[%clk 1:21:21]} 8. g4 {[%clk 1:26:25]} 8... Bg6 { [%clk
1:16:57]} 9. h4 {[%clk 1:26:52]} 9... gxh4 {[%clk 1:16:06]} 10. Rxh4 { [%clk
1:27:19]} 10... Nb6 {[%clk 1:08:49]} 11. e3 {[%clk 1:14:23]} 11... Be7 { [%clk
1:05:16]} 12. Rh1 {[%clk 1:13:52]} 12... Qd7 {[%clk 0:50:55]} 13. Nh3 { [%clk
1:11:57]} 13... O-O-O {[%clk 0:50:48]} 14. Nf4 {[%clk 1:11:28]} 14... Kb8
{[%clk 0:47:55]} 15. Bg3 {[%clk 1:04:19]} 15... a6 {[%clk 0:45:36]} 16. O-O-O {
[%clk 0:57:12]} 16... Ne8 {[%clk 0:44:23]} 17. Nxg6 {[%clk 0:52:00]} 17... fxg6
{[%clk 0:44:49]} 18. Bd3 {[%clk 0:52:22]} 18... g5 {[%clk 0:40:09]} 19. Rh3 {
[%clk 0:51:46]} 19... Nd6 {[%clk 0:38:19]} 20. Qe2 {[%clk 0:50:18]} 20... Ndc4
{[%clk 0:37:18]} 21. Rdh1 {[%clk 0:49:30]} 21... Qc6 {[%clk 0:28:56]} 22. Rxh6
{[%clk 0:43:01]} 22... Rxh6 {[%clk 0:27:46]} 23. Rxh6 {[%clk 0:43:26]} 23...
Nxb2 {[%clk 0:28:06]} 24. Kxb2 {[%clk 0:43:49]} 24... Ba3+ {[%clk 0:28:27]} 25.
Kb3 {[%clk 0:44:05]} 25... Bc1 {[%clk 0:19:46]} 26. Rh1 {[%clk 0:40:03]} 26...
Nc4 {[%clk 0:14:41]} 27. Bxc4 {[%clk 0:40:20]} 27... Qb6+ {[%clk 0:14:44]} 28.
Bb5 {[%clk 0:40:48]} 1-0

[Event "DEM U18 2017"]
[Site "Willingen GER"]
[Date "2017.06.09"]
[Round "8"]
[White "Reindl, Arno"]
[Black "Carnot, Luca"]
[Result "1/2-1/2"]
[Termination "normal"]
[Board "11"]
[WhiteElo "2013"]
[BlackElo "1946"]
[WhiteClock "00:58:26"]
[BlackClock "00:37:40"]
[PlyCount "41"]
[WhiteFideId "12946729"]
[BlackFideId "12958964"]
[EventCountry "GER"]
[EventRounds "9"]
[EventType "swiss"]
[EventDate "2017.06.03"]

1. e4 {[%clk 1:30:52]} 1... c6 {[%clk 1:30:59]} 2. d4 {[%clk 1:30:26]} 2... d5
{[%clk 1:31:28]} 3. f3 {[%clk 1:25:21]} 3... dxe4 {[%clk 1:27:25]} 4. fxe4 {
[%clk 1:22:47]} 4... e5 {[%clk 1:26:53]} 5. Nf3 {[%clk 1:22:23]} 5... exd4 {
[%clk 1:18:35]} 6. Bc4 {[%clk 1:22:35]} 6... Bc5 {[%clk 1:15:29]} 7. Ng5 {
[%clk 1:18:45]} 7... Nh6 {[%clk 1:14:31]} 8. O-O {[%clk 1:13:37]} 8... O-O {
[%clk 1:13:06]} 9. Rxf7 {[%clk 1:00:17]} 9... d3+ {[%clk 0:55:41]} 10. Kh1 {
[%clk 1:00:39]} 10... Rxf7 {[%clk 0:56:06]} 11. Nxf7 {[%clk 0:59:51]} 11...
Nxf7 {[%clk 0:56:17]} 12. Bxf7+ {[%clk 0:59:49]} 12... Kxf7 {[%clk 0:56:19]}
13. Qh5+ {[%clk 1:00:11]} 13... Kg8 {[%clk 0:56:43]} 14. Qxc5 {[%clk 1:00:32]}
14... dxc2 {[%clk 0:57:05]} 15. Qxc2 {[%clk 1:00:08]} 15... Be6 {[%clk 0:55:37]
} 16. Nc3 {[%clk 1:00:20]} 16... Nd7 {[%clk 0:55:25]} 17. Be3 {[%clk 1:00:28]}
17... Ne5 {[%clk 0:50:06]} 18. Rd1 {[%clk 0:59:29]} 18... Qf6 {[%clk 0:42:58]}
19. Bd4 {[%clk 0:59:11]} 19... Qg5 {[%clk 0:37:45]} 20. Qd2 {[%clk 0:58:02]}
20... Qxd2 {[%clk 0:37:40]} 21. Rxd2 {[%clk 0:58:26]} 1/2-1/2

[Event "DEM U18 2017"]
[Site "Willingen GER"]
[Date "2017.06.09"]
[Round "8"]
[White "Karsay, Pascal"]
[Black "Philippi, Aidan"]
[Result "1-0"]
[Termination "normal"]
[Board "12"]
[WhiteElo "2141"]
[BlackElo "1664"]
[WhiteClock "00:43:21"]
[BlackClock "01:22:12"]
[PlyCount "27"]
[WhiteFideId "12953474"]
[BlackFideId "16229533"]
[EventCountry "GER"]
[EventRounds "9"]
[EventType "swiss"]
[EventDate "2017.06.03"]

1. e4 {[%clk 1:30:58]} 1... d6 {[%clk 1:30:53]} 2. d4 {[%clk 1:31:21]} 2... Nf6
{[%clk 1:31:19]} 3. Nc3 {[%clk 1:31:47]} 3... g6 {[%clk 1:31:41]} 4. Be3 {
[%clk 1:32:02]} 4... Bg7 {[%clk 1:31:57]} 5. Qd2 {[%clk 1:31:51]} 5... O-O {
[%clk 1:32:11]} 6. Bh6 {[%clk 1:30:20]} 6... Nbd7 {[%clk 1:31:48]} 7. O-O-O {
[%clk 1:19:10]} 7... c6 {[%clk 1:26:05]} 8. h4 {[%clk 1:04:14]} 8... e5 { [%clk
1:24:25]} 9. dxe5 {[%clk 1:02:17]} 9... dxe5 {[%clk 1:24:43]} 10. h5 { [%clk
0:53:53]} 10... Bxh6 {[%clk 1:23:34]} 11. Qxh6 {[%clk 0:54:12]} 11... gxh5
{[%clk 1:23:59]} 12. Nf3 {[%clk 0:45:26]} 12... Qe8 {[%clk 1:23:04]} 13. Ng5
{[%clk 0:43:47]} 13... Ng4 {[%clk 1:22:12]} 14. Qxh7# {[%clk 0:43:21]} 1-0

[Event "DEM U18 2017"]
[Site "Willingen GER"]
[Date "2017.06.09"]
[Round "8"]
[White "Brunner, Wilken"]
[Black "Küppers, Timo"]
[Result "1/2-1/2"]
[Termination "normal"]
[Board "13"]
[WhiteElo "2037"]
[BlackElo "2192"]
[WhiteClock "00:20:38"]
[BlackClock "00:12:36"]
[PlyCount "43"]
[WhiteFideId "12928771"]
[BlackFideId "16205820"]
[EventCountry "GER"]
[EventRounds "9"]
[EventType "swiss"]
[EventDate "2017.06.03"]

1. d4 {[%clk 1:30:57]} 1... Nf6 {[%clk 1:30:22]} 2. Nf3 {[%clk 1:31:22]} 2...
c5 {[%clk 1:30:29]} 3. d5 {[%clk 1:30:54]} 3... d6 {[%clk 1:30:51]} 4. Nc3 {
[%clk 1:31:16]} 4... g6 {[%clk 1:31:04]} 5. e4 {[%clk 1:31:17]} 5... Bg7 {
[%clk 1:31:27]} 6. Bb5+ {[%clk 1:31:19]} 6... Bd7 {[%clk 1:20:22]} 7. Be2 {
[%clk 1:29:32]} 7... O-O {[%clk 1:20:31]} 8. Nd2 {[%clk 1:29:19]} 8... Na6 {
[%clk 1:17:36]} 9. O-O {[%clk 1:27:40]} 9... Nc7 {[%clk 1:17:40]} 10. a4 {
[%clk 1:28:05]} 10... b6 {[%clk 0:57:38]} 11. Nc4 {[%clk 1:23:45]} 11... Bc8 {
[%clk 0:54:10]} 12. Bf4 {[%clk 1:20:45]} 12... Bb7 {[%clk 0:52:03]} 13. h3 {
[%clk 1:16:03]} 13... Qd7 {[%clk 0:42:55]} 14. Re1 {[%clk 1:06:21]} 14... Rad8
{[%clk 0:40:58]} 15. Qd2 {[%clk 0:58:17]} 15... Qc8 {[%clk 0:32:11]} 16. Rad1 {
[%clk 0:54:04]} 16... Qa8 {[%clk 0:27:49]} 17. Bg3 {[%clk 0:43:37]} 17... Rfe8
{[%clk 0:23:02]} 18. Qc1 {[%clk 0:38:41]} 18... Qb8 {[%clk 0:17:42]} 19. Kh1 {
[%clk 0:34:31]} 19... Ba8 {[%clk 0:15:58]} 20. f4 {[%clk 0:28:04]} 20... a6 {
[%clk 0:13:29]} 21. Na3 {[%clk 0:28:23]} 21... e6 {[%clk 0:12:36]} 22. dxe6 {
[%clk 0:20:38]} 1/2-1/2

[Event "DEM U18 2017"]
[Site "Willingen GER"]
[Date "2017.06.09"]
[Round "8"]
[White "Silber, Kevin"]
[Black "Ravina, David"]
[Result "1/2-1/2"]
[Termination "normal"]
[Board "14"]
[WhiteElo "2048"]
[BlackElo "2236"]
[WhiteClock "00:41:34"]
[BlackClock "00:23:51"]
[PlyCount "86"]
[WhiteFideId "12930440"]
[BlackFideId "12921858"]
[EventCountry "GER"]
[EventRounds "9"]
[EventType "swiss"]
[EventDate "2017.06.03"]

1. e4 {[%clk 1:30:33]} 1... e5 {[%clk 1:30:55]} 2. Nf3 {[%clk 1:30:58]} 2...
Nc6 {[%clk 1:31:21]} 3. Bb5 {[%clk 1:31:24]} 3... f5 {[%clk 1:31:44]} 4. d3 {
[%clk 1:31:49]} 4... fxe4 {[%clk 1:32:05]} 5. dxe4 {[%clk 1:32:16]} 5... Nf6 {
[%clk 1:31:58]} 6. O-O d6 7. Qd3 {[%clk 1:32:16]} 7... Bg4 {[%clk 1:28:23]} 8.
Nc3 {[%clk 1:28:06]} 8... Qd7 {[%clk 1:26:17]} 9. Nd5 {[%clk 1:26:40]} 9... Be7
{[%clk 1:25:12]} 10. Nd2 {[%clk 1:22:49]} 10... Bd8 {[%clk 0:55:41]} 11. Re1 {
[%clk 1:21:15]} 11... a6 {[%clk 0:42:01]} 12. Ba4 {[%clk 1:19:17]} 12... b5 {
[%clk 0:36:23]} 13. Bb3 {[%clk 1:19:26]} 13... Nd4 {[%clk 0:36:45]} 14. a4 {
[%clk 1:16:34]} 14... Nxb3 {[%clk 0:35:34]} 15. Qxb3 {[%clk 1:11:56]} 15... Rb8
{[%clk 0:35:18]} 16. Nf1 {[%clk 1:10:32]} 16... Be6 {[%clk 0:33:48]} 17. axb5 {
[%clk 1:08:16]} 17... axb5 {[%clk 0:29:13]} 18. Qd3 {[%clk 1:05:59]} 18... O-O
{[%clk 0:26:08]} 19. Bd2 {[%clk 1:04:17]} 19... c6 {[%clk 0:21:16]} 20. Nxf6+ {
[%clk 1:03:53]} 20... Bxf6 {[%clk 0:21:19]} 21. Ne3 {[%clk 1:02:53]} 21... d5 {
[%clk 0:21:09]} 22. Bb4 {[%clk 1:01:20]} 22... Rfd8 {[%clk 0:10:43]} 23. c3 {
[%clk 0:59:05]} 23... Be7 {[%clk 0:04:46]} 24. Bxe7 {[%clk 0:53:08]} 24... Qxe7
{[%clk 0:04:21]} 25. exd5 {[%clk 0:49:20]} 25... cxd5 {[%clk 0:03:47]} 26. Nf5
{[%clk 0:47:27]} 26... Qf6 {[%clk 0:03:53]} 27. Ne3 {[%clk 0:46:15]} 27... Rb6
{[%clk 0:02:25]} 28. Ra5 {[%clk 0:42:45]} 28... d4 {[%clk 0:01:56]} 29. Nf1 {
[%clk 0:40:15]} 29... Bc4 {[%clk 0:02:11]} 30. Qe4 {[%clk 0:40:29]} 30... dxc3
{[%clk 0:01:42]} 31. bxc3 {[%clk 0:40:33]} 31... Rbd6 {[%clk 0:01:56]} 32. Ne3
{[%clk 0:38:30]} 32... Bd3 {[%clk 0:01:51]} 33. Qb4 {[%clk 0:37:52]} 33... e4 {
[%clk 0:02:18]} 34. Rea1 {[%clk 0:32:35]} 34... Rf8 {[%clk 0:01:47]} 35. Ng4 {
[%clk 0:28:15]} 35... Qe6 {[%clk 0:01:15]} 36. Ra8 {[%clk 0:26:39]} 36... Rdd8
{[%clk 0:01:36]} 37. Rxd8 {[%clk 0:27:00]} 37... Rxd8 {[%clk 0:02:05]} 38. Ne3
{[%clk 0:26:50]} 38... Qc6 {[%clk 0:01:00]} 39. Nf5 {[%clk 0:20:52]} 39... Qc7
{[%clk 0:00:52]} 40. h3 {[%clk 0:18:40]} 40... Re8 {[%clk 0:00:38]} 41. Nd6 {
[%clk 0:17:09]} 41... Rf8 {[%clk 0:00:36]} 42. Re1 {[%clk 0:13:31]} 42... Qb6 {
[%clk 0:27:07]} 43. Nxe4 {[%clk 0:41:34]} 43... Bxe4 {[%clk 0:23:51]} 1/2-1/2

[Event "DEM U18 2017"]
[Site "Willingen GER"]
[Date "2017.06.10"]
[Round "9"]
[White "Vogel, Roven"]
[Black "Spitzl, Vinzent"]
[Result "1/2-1/2"]
[Termination "normal"]
[Board "1"]
[WhiteTitle "IM"]
[WhiteElo "2464"]
[BlackElo "2245"]
[WhiteClock "01:33:35"]
[BlackClock "01:09:17"]
[PlyCount "39"]
[WhiteFideId "12908088"]
[BlackFideId "12901253"]
[EventCountry "GER"]
[EventRounds "9"]
[EventType "swiss"]
[EventDate "2017.06.03"]

1. d4 d5 2. c4 e6 3. Nc3 Be7 4. Nf3 Nf6 5. Bg5 h6 6. Bh4 O-O 7. e3 b6 8. cxd5
Nxd5 9. Bxe7 Qxe7 10. Nxd5 exd5 11. Rc1 Be6 12. b3 c5 13. Bb5 a6 14. Bd3 Nd7
15. O-O Nf6 16. Ne5 Nd7 17. Nf3 Nf6 18. Ne5 Nd7 19. Nf3 Nf6 20. Ne5 1/2-1/2